Władcy Polski z podpowiedzią - Statystyki

Ogólne statystyki
  • Ten quiz został rozwiązany 22 razy
  • Średni wynik to 7 z 14
Statystyki odpowiedzi
Podpowiedź Władca % Poprawnych
Pierwszy król Polski Bolesław I Chrobry
79%
Jest na banknoscie 50zł Kazimierz III Wielki
68%
Poparł Powstanie Kościuszkowskie, ale nie wierzył w jego powodzenie. Stanisław August Poniatowski
68%
Niesłusznie uznawany za władcę, który doprowadził do rozbicia dzielnicowego kraju Bolesław III Krzywousty
63%
Pierwszy dyskusyjny władca Polski Siemowit
58%
Dowodził zwycięskimi wojskami polsko-litewskimi w bitwie pod Grunwaldem Władysław II Jagiełło
58%
Ostatni król z dynastii Jagiellonów. Zygmunt II August
58%
Za jego sprawa Polska opanowała całe niemal terytorium Inflant Stefan Batory
53%
Pierwszy król elekcyjny Henryk III Walezy
47%
Prawnuk Stanisława Żółkiewskiego Jan III Sobieski
37%
Ocalił go pająk, który zasłonił wejście do groty pajęczyną i w ten sposób zmylił czeskich żołnierzy Władysław I Łokietek
37%
Za jego panowania Polska zajęła Kreml Zygmunt III Waza
37%
Mistrz zakonu złożył mu hołd lenny tz. hołd pruski Zygmunt Stary
37%
Według portugalskiej legendy jest ojcem Krzysztofa Kolumba Władysław III Warneńczyk
16%
Nie znaleziono quizów pasujących do podanych kryteriów
Rozkład punktacji
Procent ludzi z każdym wynikiem
Percentyl według liczby udzielonych odpowiedzi
Twoja historia wyników
Nie rozwiązałeś tego quizu